000 00674nam a22002057a 4500
999 _c13495
_d13495
003 AR-CdUCM
008 190415b ||||| |||| 00| 0 spa d
040 _aMUNICIPALIDAD PROVINCIAL DEL CUSCO
_cBIBLIOTECA MUNICIPAL DEL CUSCO
082 _a290.85 /
_bV15 / 1983
100 _aValencia, Abraham
_931936
245 _aReligiosidad popular :
_bEl niño compadrito /
260 _aCusco :
_bInstituto Nacional de Cultura Cusco,
_c1983.
300 _a72 paginas ;
_c20 cm.
505 _aContenido :"Religiosodad popular cuzqueña" /
650 _aTradición
_92713
650 _aReligión
_91195
650 _aCusco
_9772
942 _2ddc
_cLIBROS
945 _arjall
_d2019-04-15